Statistics for Random Knowledge Quiz #19

Click here to take the quiz!

General Stats

  • This quiz has been taken 103 times
  • The average score is 9 of 15

Answer Stats

QuestionAnswer% Correct
If you drove in a straight line upwards into the atmosphere at 60 mph or just under 100 km/h, how long would it take to drive to space?1 hour
95%
According to the legend, what part of Achilles was the only vulnerable spot in his body?His heel
93%
While they are actually color blind, what color is said to enrage bulls?Red
93%
What is the boiling point of water in celcius?100 degrees
81%
What is the largest bone in the human body?Femur
81%
Name one of the two human body parts that don't stop growing.Ears or nose
77%
As of August 2023, what is the most visited website in the world?Google
74%
What is the first (and only) sport that has been "played" on the Moon?Golf
67%
Finish these lyrics: "You'll be the prince and I'll be the princess / It's a love story, baby just say..."Yes
58%
Which Olympics were the first ever in modern history to be postponed?2020 Summer Olympics
50%
When did the first Disneyland open?17 July, 1955
38%
Relative to their bodies, which dog breed has the biggest brain?Chihuahuas
36%
Which actor voiced the Mandarin versions of both the Beast in Beauty and the Beast and General Li in Mulan?Jackie Chan
26%
Who is set to replace Henry Cavill as Geralt of Rivia in the Witcher?Liam Hemsworth
16%
Which company was the first to design an espresso coffee machine for space?Lavazza
6%

Score Distribution

Percentile by Number Answered

Percent of People with Each Score

Your Score History

You have not taken this quiz